000 01280nam a2200289 i 4500
003 IT-RoINE
005 20201215062422.0
008 890621s1913 sp f r | spa d
040 _aIT-RoINE
041 1 _aspa
_hita
100 0 _aAlfonso María de Ligorio,
_cSanto,
_d1696-1787
_91299
240 1 0 _aVisita al Santissimo Sacramento ed a Maria Santissima per per tutti i giorni del mese.
_lEspañol
245 1 0 _aVisitas al Santísimo Sacramento y á María Santísima /
_cobra de San Alfonso María de Ligorio ; traducida por Ramón García S.J. y aumentada con las visitas a San José.
250 _a7ª ed.
260 _aMadrid :
_bAdministración del Apostolado de la Prensa,
_c1913.
300 _a272 p. ;
_c15 cm.
336 _2rdacontent
_atext
337 _2rdamedia
_aunmediated
338 _2rdacarrier
_avolume
490 1 _aBiblioteca del Apostolado de la Prensa
500 _aTraducción de: Visita al Santissimo Sacramento ed a Maria Santissima per per tutti i giorni del mese.
600 0 4 _967162
_aMaría
_cSanta Virgen
_xLibros de oraciones y devocionarios
600 0 4 _968942
_aJosé,
_cSanto
_xLibros de oraciones y devocionarios
700 1 _aGarcía, Ramón,
_cS.I.
_969894
830 0 _967170
_aBiblioteca del Apostolado de la Prensa
942 _cMTS
999 _c35647
_d35647